LEADER 00746nam a2200229 i 4500 001 991004370838007536 005 20250305153850.0 008 250305s1944 fr er 001 0 fre d 040 $aBibl. Dip.le Aggr. Studi Umanistici - Sez. Filosofia$bita$cSocioculturale Scs 041 0 $afre 082 04$a186.1$223 100 1 $aRobin, Léon$0443927 245 10$aPyrrhon et le scepticisme grec /$cpar Léon Robin 260 $aParis :$bPresses universitaires de France,$c1944 300 $aVI, 255 p. ;$c23 cm 490 1 $aLes grands philosophes 600 04$aPirrone 650 4$aScetticismo$zGrecia antica 830 4$aLes grands philosophes 912 $a991004370838007536 996 $aPyrrhon et le scepticisme grec$94315725 997 $aUNISALENTO